[Event "54smm A Arci-Deutschnofen"]
[Site "?"]
[Date "2022.11.19"]
[Round "2.5"]
[White "Tonina, Filippo"]
[Black "Keim, Simon"]
[Result "1-0"]
[WhiteElo "1953"]
[BlackElo "1778"]
[PlyCount "65"]
[EventDate "2022.11.19"]

1. d4 Nf6 2. c4 e6 3. Nc3 Bb4 4. a3 Bxc3+ 5. bxc3 c5 6. f3 d5 7. cxd5 exd5 8.
e3 c4 9. Qc2 O-O 10. Ne2 Re8 11. Ng3 h5 12. Be2 Nc6 13. O-O h4 14. Nf5 Bxf5 15.
Qxf5 Ne7 16. Qh3 Ng6 17. e4 dxe4 18. fxe4 Nxe4 19. Bxc4 Nd6 20. Ba2 Rc8 21. Qg4
Nc4 22. Bg5 Qb6 23. Rae1 Qc6 24. Bxh4 Nxh4 25. Qxh4 b5 26. Re7 Rxe7 27. Qxe7
Rc7 28. Qd8+ Kh7 29. Rf3 f5 30. Bb1 Rf7 31. Bxf5+ Rxf5 32. Rxf5 Ne3 33. Rh5+
1-0

[Event "54smm A Arci-Deutschnofen"]
[Site "?"]
[Date "2022.11.19"]
[Round "2.6"]
[White "D'Ambrosio, Luca"]
[Black "Gibitz, Othmar"]
[Result "1/2-1/2"]
[WhiteElo "1721"]
[BlackElo "1632"]
[PlyCount "52"]
[EventDate "2022.11.19"]

1. d4 d5 2. c4 e6 3. Nf3 c5 4. Nc3 dxc4 5. e3 Nc6 6. Bxc4 cxd4 7. exd4 Nf6 8.
O-O Be7 9. Re1 O-O 10. a3 a6 11. b4 b5 12. Bb3 Bb7 13. Bg5 h6 14. Be3 Rc8 15.
Qd3 Ng4 16. Bc2 g6 17. Bd2 Kh7 18. Rxe6 Rg8 19. Re4 f5 20. Re6 Qf8 21. Rae1 Rg7
22. h3 Nf6 23. Nh4 Ng8 24. Nf3 Bxb4 25. axb4 Nxb4 26. Qe2 Nxc2 1/2-1/2

[Event "54smm A Kaltern/Tramin-Naturns"]
[Site "?"]
[Date "2022.11.19"]
[Round "2.1"]
[White "Unterthurner, Hans"]
[Black "Panjkovic, Aleksandar"]
[Result "1/2-1/2"]
[WhiteElo "1915"]
[BlackElo "2075"]
[PlyCount "87"]
[EventDate "2022.11.19"]

1. e4 d6 2. d4 c6 3. Nf3 Bg4 4. Be2 Nd7 5. O-O e5 6. c3 Be7 7. Be3 Ngf6 8. Nbd2
O-O 9. Re1 Re8 10. Qc2 Bf8 11. Rad1 Qc7 12. Bg5 h6 13. Be3 a6 14. Nh4 Bxe2 15.
Rxe2 Ng4 16. Nf1 Nxe3 17. Rxe3 Nf6 18. Qe2 g6 19. Ng3 d5 20. dxe5 Rxe5 21. exd5
Rxe3 22. Qxe3 Nxd5 23. Qe4 Qe7 24. Qg4 Nf6 25. Qc4 Nd5 26. Nf3 Re8 27. Qb3 Qc7
28. c4 Nf4 29. Qc2 Rd8 30. b3 Rxd1+ 31. Qxd1 Qd6 32. Qxd6 Bxd6 33. Kf1 Nd3 34.
Ne4 Be7 35. Nfd2 Nc1 36. Nc3 Bb4 37. Ndb1 f5 38. f3 Kf7 39. Kf2 Bc5+ 40. Ke1
Bb4 41. Kf2 Bc5+ 42. Ke1 Bb4 43. Kd1 Nd3 44. Ke2 1/2-1/2

[Event "54smm A Kaltern/Tramin-Naturns"]
[Site "?"]
[Date "2022.11.19"]
[Round "2.2"]
[White "Zucchelli, Massimo"]
[Black "Gurschler, Thomas"]
[Result "1-0"]
[WhiteElo "2128"]
[BlackElo "1840"]
[PlyCount "99"]
[EventDate "2022.11.19"]

1. d4 g6 2. c4 Bg7 3. Nc3 d6 4. e4 Nc6 5. d5 Nd4 6. Bd3 Nf6 7. Nge2 Nxe2 8.
Qxe2 O-O 9. O-O Nd7 10. f4 Nc5 11. Be3 Nxd3 12. Qxd3 f5 13. Bd4 fxe4 14. Nxe4
Bf5 15. Bxg7 Kxg7 16. Qd4+ Kg8 17. Rae1 Bxe4 18. Qxe4 Qd7 19. Qxe7 Qxe7 20.
Rxe7 Rf7 21. Rxf7 Kxf7 22. Re1 a6 23. Kf2 b5 24. Rc1 c5 25. dxc6 b4 26. c5 d5
27. Ke3 Ke7 28. Kd4 Kd8 29. Re1 Kc7 30. Re6 Rf8 31. g3 g5 32. Kxd5 gxf4 33.
gxf4 Rxf4 34. Re7+ Kc8 35. Rxh7 Rf5+ 36. Kc4 Rf4+ 37. Kb3 Rf2 38. h4 a5 39. a3
Rf3+ 40. Ka4 bxa3 41. bxa3 Rc3 42. Kxa5 Rxa3+ 43. Kb4 Ra1 44. h5 Rb1+ 45. Kc4
Rc1+ 46. Kd4 Rd1+ 47. Ke3 Rc1 48. h6 Rxc5 49. Rg7 Rxc6 50. h7 1-0

[Event "54smm A Kaltern/Tramin-Naturns"]
[Site "?"]
[Date "2022.11.19"]
[Round "2.3"]
[White "Gurschler, Gregor"]
[Black "Thaler, Elmar"]
[Result "0-1"]
[WhiteElo "1802"]
[BlackElo "1763"]
[PlyCount "101"]
[EventDate "2022.11.19"]

1. e4 c6 2. d4 d5 3. Nd2 Qb6 4. c3 dxe4 5. Nxe4 Bf5 6. Ng3 Bg6 7. Nf3 e6 8. Ne5
Nf6 9. Nxg6 hxg6 10. Bd3 Bd6 11. Qf3 Nbd7 12. b4 a5 13. bxa5 Rxa5 14. O-O O-O
15. Rb1 Qc7 16. Bc4 b5 17. Bb3 Nb6 18. Bd2 Nc4 19. Bg5 Nh7 20. Bc1 Nf6 21. h3
Nd5 22. Ne4 Bf4 23. g3 Bxc1 24. Bxc4 bxc4 25. Rfxc1 Rxa2 26. Ng5 c5 27. dxc5
Qxc5 28. Rb7 Ra7 29. Rcb1 Nf6 30. R1b5 Ra1+ 31. Kg2 Qd6 32. R7b6 Qd1 33. Qxd1
Rxd1 34. Rc6 Rd5 35. Rbc5 Rfd8 36. Rxd5 exd5 37. Rc5 Ne8 38. Kf3 f6 39. Ne6 Rd6
40. Nf4 d4 41. cxd4 g5 42. Ne2 Ra6 43. Rxc4 Nd6 44. Rb4 Ra3+ 45. Kg2 Ra2 46.
Nc3 Rd2 47. d5 Rc2 48. Rb6 Nf5 49. Ne4 Ne3+ 50. Kf3 Nxd5 51. Nd6 0-1

[Event "54smm A Kaltern/Tramin-Naturns"]
[Site "?"]
[Date "2022.11.19"]
[Round "2.4"]
[White "Maier, Fridolin"]
[Black "Naegele, Norbert"]
[Result "1/2-1/2"]
[WhiteElo "1758"]
[BlackElo "1819"]
[PlyCount "41"]
[EventDate "2022.11.19"]

1. e4 e6 2. d4 d5 3. Nc3 dxe4 4. Nxe4 Bd7 5. Nf3 Bc6 6. Bd3 Nd7 7. c3 Ngf6 8.
Qc2 Be7 9. O-O O-O 10. Bf4 h6 11. Ne5 Bxe4 12. Bxe4 Nxe4 13. Qxe4 Nxe5 14. Bxe5
c6 15. Rfe1 Bf6 16. Bf4 Qd5 17. Qc2 Rfd8 18. Re3 Qf5 19. Qxf5 exf5 20. Rd1 Rd7
21. Red3 1/2-1/2

[Event "54smm A Kaltern/Tramin-Naturns"]
[Site "?"]
[Date "2022.11.19"]
[Round "2.5"]
[White "Illmer, Markus"]
[Black "Martinelli, Michele"]
[Result "1/2-1/2"]
[WhiteElo "1606"]
[BlackElo "1704"]
[PlyCount "89"]
[EventDate "2022.11.19"]

1. d4 Nf6 2. Nf3 g6 3. Bg5 Bg7 4. Nbd2 h6 5. Bxf6 Bxf6 6. e3 O-O 7. Bd3 d5 8.
c3 c5 9. Qe2 cxd4 10. exd4 Nc6 11. O-O Qc7 12. Rfe1 Qf4 13. g3 Qg4 14. Qe3 Kh7
15. Bf1 Qe6 16. Ne5 a6 17. Bd3 Nxe5 18. dxe5 Bg7 19. f4 Bd7 20. Nf3 Qc6 21. Re2
e6 22. Nh4 Rfc8 23. Nf3 Bf8 24. Nd4 Qb6 25. Rf1 Bc5 26. g4 Rg8 27. Rf3 Bb5 28.
Bxb5 Bxd4 29. Qxd4 Qxb5 30. Ref2 Rac8 31. Kh1 Rc4 32. Qd2 Re4 33. Rh3 Kg7 34.
f5 g5 35. fxe6 fxe6 36. Rf6 Re2 37. Qc1 d4 38. cxd4 Rc8 39. Qf1 Qd5+ 40. Rhf3
Qe4 41. Kg1 Re1 42. Rf7+ Kg8 43. Rf8+ Rxf8 44. Rxf8+ Kg7 45. Rf7+ 1/2-1/2

[Event "54smm A Kaltern/Tramin-Naturns"]
[Site "?"]
[Date "2022.11.19"]
[Round "2.6"]
[White "Florian, Andreas"]
[Black "Wielander, Wolfgang"]
[Result "1-0"]
[WhiteElo "1633"]
[BlackElo "1529"]
[PlyCount "69"]
[EventDate "2022.11.19"]

1. d4 Nf6 2. Bf4 d5 3. e3 e6 4. Nf3 Bd6 5. Bg3 O-O 6. Bd3 b6 7. c3 c5 8. Nbd2
Ba6 9. c4 Bb7 10. Ne5 cxd4 11. exd4 Nc6 12. c5 bxc5 13. Nxc6 Bxc6 14. dxc5 Bxc5
15. Rc1 Qb6 16. Qc2 Nd7 17. O-O Rac8 18. Bxh7+ Kh8 19. Nf3 Bb5 20. Bd3 Bxd3 21.
Qxd3 Be7 22. Rc2 Nc5 23. Qe2 Ne4 24. Ne5 Rxc2 25. Qxc2 Bc5 26. Nd7 Qc6 27. Nxf8
Bxf2+ 28. Rxf2 Qe8 29. Ng6+ fxg6 30. Rf1 Qd8 31. Qc7 Qg5 32. Rf8+ Kh7 33. Qf4
Qh5 34. Qh4 Nxg3 35. hxg3 1-0

[Event "54smm A Klausen-Groeden"]
[Site "?"]
[Date "2022.11.19"]
[Round "2.1"]
[White "Moroder, Stephan"]
[Black "Schacher, Gerd"]
[Result "0-1"]
[WhiteElo "2146"]
[BlackElo "2298"]
[PlyCount "106"]
[EventDate "2022.11.19"]

1. e4 c5 2. Nf3 d6 3. d4 cxd4 4. Nxd4 Nf6 5. Nc3 a6 6. Bg5 e6 7. f4 b5 8. e5
dxe5 9. fxe5 Qc7 10. exf6 Qe5+ 11. Be2 Qxg5 12. Qd3 Ra7 13. Ne4 Qe5 14. O-O Rd7
15. c3 Bb7 16. Bf3 g6 17. Rae1 Nc6 18. Nxc6 Bxc6 19. Qe3 Bxe4 20. Qxe4 Bc5+ 21.
Kh1 Qxe4 22. Rxe4 O-O 23. a4 Rb8 24. axb5 axb5 25. h4 Rd2 26. b4 Bf8 27. Ra1
Rc2 28. Re3 Bh6 29. Rd3 Rd2 30. Rd1 Rxd1+ 31. Bxd1 Bf4 32. g4 h6 33. Be2 Be5
34. Rf3 Rc8 35. Bxb5 Rxc3 36. Rxc3 Bxc3 37. Bd3 Bxb4 38. h5 gxh5 39. gxh5 Bc3
40. Kg2 Bxf6 41. Kf3 Bc3 42. Bb5 Kf8 43. Ba4 Ke7 44. Bb5 f5 45. Bc4 Kf6 46. Bb3
e5 47. Bc2 Bd4 48. Ba4 Kg5 49. Be8 e4+ 50. Ke2 f4 51. Bg6 f3+ 52. Kf1 e3 53.
Bd3 Kxh5 0-1

[Event "54smm A Klausen-Groeden"]
[Site "?"]
[Date "2022.11.19"]
[Round "2.2"]
[White "Seebacher, Michael"]
[Black "Casadio, Niccolo"]
[Result "1/2-1/2"]
[WhiteElo "2056"]
[BlackElo "2083"]
[PlyCount "102"]
[EventDate "2022.11.19"]

1. e4 e6 2. d4 d5 3. Bd3 dxe4 4. Bxe4 Nf6 5. Bf3 c5 6. Ne2 Nc6 7. Be3 cxd4 8.
Nxd4 Ne5 9. Nc3 a6 10. Qe2 Nxf3+ 11. gxf3 Nd5 12. Nxd5 Qxd5 13. O-O-O Qxa2 14.
Nb3 Qa4 15. Kb1 Bd7 16. Rhg1 Rc8 17. Rg4 Qb5 18. Qd2 e5 19. Re4 f6 20. f4 Bf5
21. Nd4 Rd8 22. Nxb5 Rxd2 23. Rxd2 Bxe4 24. Nd6+ Bxd6 25. Rxd6 exf4 26. Bxf4
Ke7 27. Kc1 g5 28. Rd4 Bc6 29. Be3 h5 30. Rd3 Ke6 31. Bc5 Re8 32. Re3+ Kf5 33.
Rxe8 Bxe8 34. Be7 Kf4 35. Bxf6 g4 36. Kd2 Kf3 37. Ke1 Kg2 38. Be5 Bd7 39. Bg3
Bf5 40. c3 Bd3 41. Kd2 Bc4 42. Ke1 Kh3 43. Bd6 Bb5 44. Be5 Bc4 45. Bd6 a5 46.
Be5 b5 47. Bd6 a4 48. Be5 h4 49. Bf6 g3 50. fxg3 hxg3 51. hxg3 Kxg3 1/2-1/2

[Event "54smm A Klausen-Groeden"]
[Site "?"]
[Date "2022.11.19"]
[Round "2.3"]
[White "Demetz, Rainer"]
[Black "Haller, Quentin"]
[Result "1-0"]
[WhiteElo "2174"]
[BlackElo "1997"]
[PlyCount "111"]
[EventDate "2022.11.19"]

1. c4 Nf6 2. Nc3 e6 3. e4 d6 4. d4 Nbd7 5. Nf3 e5 6. g3 Be7 7. Bg2 O-O 8. O-O
c6 9. h3 Re8 10. d5 cxd5 11. cxd5 b5 12. a3 a6 13. Be3 Nb6 14. b3 Bb7 15. Re1
Rc8 16. Rc1 Nbd7 17. b4 Nb6 18. Nd2 Nc4 19. Nxc4 Rxc4 20. Bf1 Rc8 21. a4 bxa4
22. Qxa4 Qd7 23. b5 Ra8 24. Qb4 Rec8 25. Na4 Bd8 26. Rxc8 Bxc8 27. b6 a5 28.
Qc4 Bb7 29. f3 Nh5 30. Kh2 Qe7 31. Bf2 Qf6 32. Qb3 Rc8 33. Bb5 g6 34. Bd7 Rb8
35. Qd3 Ng7 36. Rc1 Qe7 37. Bc6 f5 38. Bxb7 Qxb7 39. Rc6 fxe4 40. fxe4 Qf7 41.
Kg2 Be7 42. Rc7 Rf8 43. Qe2 Ne8 44. Ra7 Nf6 45. Nc3 Rb8 46. Qc4 Rf8 47. Qe2 Rb8
48. Qf3 Qe8 49. Rxa5 Nd7 50. Rb5 Rb7 51. Qg4 Bd8 52. Rb4 Kg7 53. Nb5 Qe7 54.
Na7 Nxb6 55. Nc6 Qe8 56. Qe2 1-0

[Event "54smm A Klausen-Groeden"]
[Site "?"]
[Date "2022.11.19"]
[Round "2.4"]
[White "Seebacher, Reinhard"]
[Black "Bernardi, Ruben"]
[Result "1-0"]
[WhiteElo "1908"]
[BlackElo "2032"]
[PlyCount "91"]
[EventDate "2022.11.19"]

1. Nf3 d5 2. d4 c5 3. c3 e6 4. e3 Nc6 5. Bd3 Nf6 6. Nbd2 cxd4 7. exd4 Qc7 8.
O-O Bd6 9. Re1 Bd7 10. a3 O-O-O 11. c4 g5 12. c5 Bf4 13. Bb5 g4 14. Bxc6 gxf3
15. Bxd7+ Rxd7 16. Nxf3 Ne4 17. Qa4 f6 18. Qxa7 Rdd8 19. Bxf4 Qxf4 20. c6 Qb8
21. cxb7+ Kd7 22. Qa4+ Ke7 23. Qb4+ Kf7 24. Nd2 Nd6 25. Qb3 Rde8 26. Qh3 h5 27.
b4 Qxb7 28. Nb3 Nc4 29. Nc5 Qb6 30. a4 e5 31. dxe5 Nxe5 32. f4 Ng4 33. Rxe8
Kxe8 34. Re1+ Kf7 35. Qb3 Qd6 36. h3 Nh6 37. Rd1 Qxf4 38. Qxd5+ Kg6 39. Qe4+
Qxe4 40. Nxe4 Nf5 41. b5 Ne3 42. Rb1 Kf5 43. Ng3+ Ke5 44. b6 Nc4 45. b7 Rb8 46.
a5 1-0

[Event "54smm A Klausen-Groeden"]
[Site "?"]
[Date "2022.11.19"]
[Round "2.5"]
[White "Moroder, Thomas"]
[Black "Schrott, Karl"]
[Result "1-0"]
[WhiteElo "1989"]
[BlackElo "1959"]
[PlyCount "85"]
[EventDate "2022.11.19"]

1. e4 c5 2. Nf3 d6 3. Bb5+ Bd7 4. c4 Bxb5 5. cxb5 g6 6. d4 Nd7 7. O-O Bg7 8.
Nc3 cxd4 9. Nxd4 Ngf6 10. Be3 O-O 11. f3 d5 12. exd5 Nb6 13. Qe2 Nbxd5 14. Bf2
Nf4 15. Qd2 N6d5 16. Nxd5 Nxd5 17. Rfd1 e6 18. Nb3 Be5 19. Nc5 Qe7 20. Re1 Bd6
21. Ne4 Bb4 22. Qh6 f6 23. Re2 b6 24. Rd1 Qf7 25. a3 Be7 26. Bd4 Rfe8 27. f4
Rac8 28. g3 Rc4 29. Qh3 Bc5 30. Bxc5 Rxe4 31. Rxe4 bxc5 32. Qf1 f5 33. Re5 Nf6
34. Rxc5 Ne4 35. Rc6 Qf6 36. Qe2 Rd8 37. Qc2 Kg7 38. Rc7+ Kh6 39. Rdd7 Rxd7 40.
Rxd7 e5 41. Qc7 Kh5 42. Rxh7+ Kg4 43. Kg2 1-0

[Event "54smm A Klausen-Groeden"]
[Site "?"]
[Date "2022.11.19"]
[Round "2.6"]
[White "Schrott, Johann"]
[Black "Grossi, Christian"]
[Result "0-1"]
[WhiteElo "1813"]
[BlackElo "1885"]
[PlyCount "140"]
[EventDate "2022.11.19"]

1. e4 g6 2. d4 Bg7 3. Nf3 d6 4. Nc3 Nc6 5. Be3 Nf6 6. h3 a6 7. a4 O-O 8. Qd2 e5
9. d5 Ne7 10. Bc4 Bd7 11. Rd1 b5 12. axb5 axb5 13. Bd3 b4 14. Ne2 Nexd5 15. Bg5
Nb6 16. Qxb4 h6 17. Be3 Ra4 18. Qd2 Nc4 19. Bxc4 Rxc4 20. b3 Rc6 21. Ng3 Kh7
22. O-O Ra6 23. c4 Bc6 24. Qd3 Qa8 25. Nd2 Rb8 26. f3 Ra2 27. Qc3 Rb7 28. Ra1
Rxa1 29. Rxa1 Qd8 30. Ra6 Bd7 31. Qa5 h5 32. Ra8 Rb8 33. Ra7 Rc8 34. Bg5 Bh6
35. Bxh6 Kxh6 36. Kh2 h4 37. Ne2 Nh5 38. Nf1 Be6 39. Qd2+ Qg5 40. Qxg5+ Kxg5
41. Kg1 Rb8 42. Nd2 c6 43. Ra5 Nf4 44. Nxf4 Kxf4 45. Kf2 Rb6 46. Ra7 d5 47.
cxd5 cxd5 48. exd5 Bxd5 49. Rd7 Rb5 50. Rc7 f5 51. Rc3 g5 52. Re3 Be6 53. Rc3
e4 54. fxe4 fxe4 55. Re3 Bd5 56. g3+ hxg3+ 57. Rxg3 Rc5 58. Rg4+ Kf5 59. Rg3
Rc2 60. Ke2 Rc1 61. Nf1 Be6 62. Nd2 Kf4 63. Re3 Re1+ 64. Kxe1 Kxe3 65. Nf1+ Kf4
66. b4 Bxh3 67. Nd2 g4 68. Nc4 g3 69. b5 e3 70. b6 g2 0-1

[Event "54smm A Merania-Ehrenburg"]
[Site "?"]
[Date "2022.11.19"]
[Round "2.1"]
[White "Hengl, Christian"]
[Black "Bonagura, Stefano"]
[Result "1/2-1/2"]
[WhiteElo "2136"]
[BlackElo "2213"]
[PlyCount "71"]
[EventDate "2022.11.19"]

1. e4 c6 2. d4 d5 3. exd5 cxd5 4. Bd3 Nc6 5. c3 Nf6 6. Bf4 Bg4 7. Qb3 Qd7 8. h3
Bh5 9. Nd2 e6 10. Ngf3 Bxf3 11. Nxf3 Bd6 12. Bxd6 Qxd6 13. O-O O-O 14. Rfe1
Rab8 15. Ne5 b5 16. a4 Na5 17. Qc2 b4 18. Re3 Rfc8 19. Rae1 bxc3 20. bxc3 Qa3
21. Bb5 Nc4 22. Bxc4 dxc4 23. Rf3 Qb2 24. Qd1 Rb3 25. Rxf6 gxf6 26. Qg4+ Kf8
27. Nxf7 Qxc3 28. Qxe6 Qxe1+ 29. Qxe1 Kxf7 30. Qa5 Rcb8 31. Qd5+ Kg7 32. Qd7+
Kh8 33. Qe6 Kg7 34. Qd7+ Kh8 35. Qe6 Kg7 36. Qd7+ 1/2-1/2

[Event "54smm A Merania-Ehrenburg"]
[Site "?"]
[Date "2022.11.19"]
[Round "2.2"]
[White "Lami, Damiano"]
[Black "Jedinger, Andreas"]
[Result "1/2-1/2"]
[WhiteElo "2039"]
[BlackElo "2107"]
[PlyCount "123"]
[EventDate "2022.11.19"]

1. e4 g6 2. d4 Bg7 3. Nc3 d6 4. f4 a6 5. a4 Nf6 6. Be2 c5 7. dxc5 Qa5 8. Qd2
Qxc5 9. Qe3 Qxe3 10. Bxe3 Nc6 11. Nf3 O-O 12. O-O-O Be6 13. Ng5 Bg4 14. Bxg4
Nxg4 15. Bb6 Rac8 16. Nd5 Nf6 17. c3 Nd7 18. Bf2 b5 19. axb5 axb5 20. Kb1 Rfe8
21. h4 Nf6 22. Nxf6+ exf6 23. Nh3 Rxe4 24. Rxd6 b4 25. Re1 f5 26. Rxe4 fxe4 27.
Ng5 bxc3 28. bxc3 Bxc3 29. Nxe4 Bb4 30. Rd7 h6 31. g4 Bf8 32. Nf6+ Kg7 33. g5
hxg5 34. hxg5 Be7 35. Nd5 Rd8 36. Nxe7 Rxd7 37. Nxc6 Rb7+ 38. Ka2 Kf8 39. Bd4
Ke8 40. Be5 Kd7 41. Nd4 Rb6 42. Ka3 Rb1 43. Nb3 Ke6 44. Kb4 Kd5 45. Kc3 Rg1 46.
Bb8 Rg3+ 47. Kb4 Rg1 48. Kc3 Rg3+ 49. Kc2 Rg2+ 50. Nd2 Rg3 51. Ba7 Ra3 52. Bb6
Ra4 53. Bc7 Ke6 54. Kd3 f6 55. Ne4 Ra3+ 56. Nc3 fxg5 57. fxg5 Kf5 58. Bd8 Ra6
59. Be7 Re6 60. Nd5 Rxe7 61. Nxe7+ Kxg5 62. Nxg6 1/2-1/2

[Event "54smm A Merania-Ehrenburg"]
[Site "?"]
[Date "2022.11.19"]
[Round "2.3"]
[White "Hengl, Philip"]
[Black "Zuev, Mikhail"]
[Result "1-0"]
[WhiteElo "1935"]
[BlackElo "1726"]
[PlyCount "91"]
[EventDate "2022.11.19"]

1. e4 c5 2. Nf3 Nc6 3. d4 cxd4 4. Nxd4 e5 5. Nb5 Nf6 6. N1c3 d6 7. Nd5 Nxd5 8.
exd5 Nb8 9. c4 b6 10. Bd3 Be7 11. Qc2 h6 12. O-O Na6 13. Qe2 Nc5 14. Bc2 a6 15.
Nc3 O-O 16. f4 Bf6 17. f5 Bb7 18. b4 Nd7 19. Ne4 Qe7 20. Qh5 Rac8 21. Bb3 b5
22. c5 dxc5 23. bxc5 Qd8 24. c6 Qb6+ 25. Kh1 Bxc6 26. dxc6 Rxc6 27. Bb2 a5 28.
Rac1 Be7 29. Qe2 Rd8 30. Rxc6 Qxc6 31. Rd1 a4 32. Bd5 Qb6 33. Qh5 Rf8 34. h3
Qc7 35. Rc1 Qa5 36. Bc6 Rc8 37. Qe2 a3 38. Bxd7 Rd8 39. Bc3 b4 40. Qb5 Qa7 41.
Bxb4 Bxb4 42. Qxb4 Rxd7 43. Kh2 Qe3 44. Rc8+ Kh7 45. Qf8 Qf4+ 46. Ng3 1-0

[Event "54smm A Merania-Ehrenburg"]
[Site "?"]
[Date "2022.11.19"]
[Round "2.4"]
[White "Battiston, Claudio"]
[Black "Babinetz, Rainer"]
[Result "0-1"]
[WhiteElo "1806"]
[BlackElo "1933"]
[PlyCount "126"]
[EventDate "2022.11.19"]

1. e4 e5 2. Nf3 d6 3. d4 exd4 4. Nxd4 Nf6 5. Nc3 Be7 6. Be2 O-O 7. O-O c5 8.
Nf3 Nc6 9. h3 a6 10. a4 b6 11. Bf4 Qc7 12. Qd2 Bb7 13. Rad1 Rad8 14. Nd5 Nxd5
15. exd5 Nb4 16. c4 Bf6 17. Bg5 Bxg5 18. Nxg5 h6 19. Ne4 f5 20. Nc3 Bc8 21. f4
Qf7 22. Bf3 Qf6 23. Rfe1 Qd4+ 24. Qxd4 cxd4 25. Nb1 Bd7 26. b3 b5 27. axb5 axb5
28. Na3 d3 29. Re7 Rf7 30. Rxf7 Kxf7 31. Kf2 Ra8 32. Nxb5 Bxb5 33. cxb5 Rb8 34.
g4 fxg4 35. hxg4 Rxb5 36. Be4 Nxd5 37. Bxd5+ Rxd5 38. Ke3 g6 39. Rxd3 Rxd3+ 40.
Kxd3 h5 41. gxh5 gxh5 42. b4 h4 43. Ke3 d5 44. b5 Ke7 45. f5 h3 46. f6+ Kxf6
47. b6 h2 48. b7 h1=Q 49. b8=Q Qe1+ 50. Kd3 Qe4+ 51. Kd2 Qd4+ 52. Kc2 Kf5 53.
Qf8+ Kg4 54. Qg8+ Kf3 55. Qf7+ Ke3 56. Qh5 Qd3+ 57. Kc1 Qd2+ 58. Kb1 Qe1+ 59.
Kc2 Qe2+ 60. Qxe2+ Kxe2 61. Kc3 Ke3 62. Kc2 d4 63. Kd1 Kd3 0-1

[Event "54smm A Merania-Ehrenburg"]
[Site "?"]
[Date "2022.11.19"]
[Round "2.5"]
[White "Gruber, Alexander"]
[Black "Franceschini, Christoph"]
[Result "1-0"]
[WhiteElo "1837"]
[BlackElo "1613"]
[PlyCount "87"]
[EventDate "2022.11.19"]

1. e4 e6 2. d4 d5 3. exd5 exd5 4. Nf3 Bd6 5. Bd3 Nf6 6. O-O O-O 7. Bg5 Nbd7 8.
b3 c6 9. c4 Qc7 10. Nc3 Bf4 11. Bh4 b6 12. Qc2 Bb7 13. Ne2 Bh6 14. cxd5 Nxd5
15. Bxh7+ Kh8 16. Bg3 Qd8 17. Bf5 N7f6 18. Ne5 Nb4 19. Qd1 Bc8 20. Bxc8 Rxc8
21. a3 Nbd5 22. Qd3 Kg8 23. Rad1 Nh5 24. Qf5 Nxg3 25. Nxg3 Rc7 26. Ne4 Qc8 27.
Qf3 Qe6 28. Rfe1 Bf4 29. Ng4 f5 30. Nef6+ Rxf6 31. Rxe6 Rxe6 32. Ne5 Bxe5 33.
dxe5 Rxe5 34. g3 Rce7 35. Kg2 g6 36. b4 b5 37. Rd2 a6 38. Qd3 Kg7 39. Rc2 f4
40. Rxc6 Rf5 41. g4 Rg5 42. Kf3 Nf6 43. Rxf6 Kxf6 44. Qd6+ 1-0

[Event "54smm A Merania-Ehrenburg"]
[Site "?"]
[Date "2022.11.19"]
[Round "2.6"]
[White "Zappi, Adriano"]
[Black "Mairhofer, Lino"]
[Result "0-1"]
[WhiteElo "1495"]
[BlackElo "1740"]
[PlyCount "122"]
[EventDate "2022.11.19"]

1. Nf3 Nf6 2. d4 g6 3. Bf4 d6 4. e3 Bg7 5. Be2 Nbd7 6. h3 c5 7. c3 cxd4 8. cxd4
O-O 9. O-O a6 10. Nbd2 b5 11. Rc1 Bb7 12. b3 Rc8 13. Rxc8 Qxc8 14. Qc1 Qb8 15.
Qb1 Nd5 16. Rc1 Nxf4 17. exf4 Nf6 18. Qd3 Nd5 19. g3 Rc8 20. Rxc8+ Qxc8 21. Nf1
Qxh3 22. Ng5 Qd7 23. Bf3 h6 24. Bxd5 Bxd5 25. Ne4 Qc6 26. f3 Qb6 27. Kg2 Qxd4
28. Qxd4 Bxd4 29. g4 a5 30. Nfd2 a4 31. Kg3 f5 32. Nf2 Be3 33. Nf1 Bxf2+ 34.
Kxf2 axb3 35. axb3 Bxb3 36. Nd2 Bd5 37. Ke3 e5 38. g5 h5 39. fxe5 dxe5 40. f4
e4 41. Kd4 Bc4 42. Ke3 Bd3 43. Kf2 b4 44. Kg3 Bc2 45. Kf2 b3 46. Nc4 Bd3 47.
Nb2 Kf7 48. Nd1 Ke6 49. Ke3 Kd5 50. Nb2 Kc5 51. Nd1 Kb4 52. Kd4 Ka3 53. Ke5 b2
54. Nxb2 Kxb2 55. Kf6 e3 56. Kxg6 e2 57. Kxh5 e1=Q 58. g6 Qh1+ 59. Kg5 Qg2+ 60.
Kf6 Qg4 61. g7 Bc4 0-1

[Event "54smm A Richter/Lask-Brixen/Milland"]
[Site "?"]
[Date "2022.11.19"]
[Round "2.1"]
[White "Brenninger, Daniel"]
[Black "De Eccher, Stefano"]
[Result "0-1"]
[WhiteElo "2101"]
[BlackElo "2173"]
[PlyCount "60"]
[EventDate "2022.11.19"]

1. d4 d5 2. c4 c6 3. Nc3 dxc4 4. e3 b5 5. a4 b4 6. Na2 e6 7. Bxc4 Nf6 8. Bd2 a5
9. Nc1 Nbd7 10. Nf3 Bb7 11. O-O Be7 12. Nd3 O-O 13. Rc1 Rc8 14. Qb3 c5 15. Nfe5
Qb6 16. Nxd7 Nxd7 17. d5 exd5 18. Bxd5 Bxd5 19. Qxd5 Qc6 20. Qxc6 Rxc6 21. Nf4
Nb6 22. b3 Rd8 23. Rc2 c4 24. Ne2 Bf6 25. Nd4 Bxd4 26. exd4 Rdc8 27. Rfc1 cxb3
28. Rxc6 Rxc6 29. Rb1 Rc2 30. Be3 b2 0-1

[Event "54smm A Richter/Lask-Brixen/Milland"]
[Site "?"]
[Date "2022.11.19"]
[Round "2.2"]
[White "Moncher, Stefano"]
[Black "Sader, Michael"]
[Result "1-0"]
[WhiteElo "2169"]
[BlackElo "2092"]
[PlyCount "44"]
[EventDate "2022.11.19"]

1. e4 c5 2. c3 e6 3. d4 b6 4. Nf3 Qc7 5. Bd3 d6 6. O-O Nd7 7. Re1 a6 8. Nbd2
Ne7 9. Ng5 Ng6 10. Qf3 Nf6 11. e5 Bb7 12. Nde4 Nxe4 13. Bxe4 Bxe4 14. Qxe4 d5
15. Qg4 Be7 16. h4 Bxg5 17. Bxg5 h5 18. Qe2 Ne7 19. c4 cxd4 20. Rac1 Qd7 21.
cxd5 Nxd5 22. Rc4 b5 1-0

[Event "54smm A Richter/Lask-Brixen/Milland"]
[Site "?"]
[Date "2022.11.19"]
[Round "2.3"]
[White "Kofler, Thomas"]
[Black "Bodrov, Timofey"]
[Result "0-1"]
[WhiteElo "1954"]
[BlackElo "2104"]
[PlyCount "80"]
[EventDate "2022.11.19"]

1. c4 Nf6 2. g3 d6 3. Bg2 e5 4. Nc3 g6 5. d3 Bg7 6. e4 Nc6 7. a3 Nd4 8. Be3 O-O
9. b4 a5 10. Bxd4 exd4 11. Nce2 Nd7 12. f4 c5 13. b5 f5 14. exf5 Rxf5 15. Qd2
Rf8 16. O-O-O Nf6 17. h3 d5 18. g4 dxc4 19. dxc4 Qc7 20. g5 Nh5 21. Bd5+ Kh8
22. Rf1 Bf5 23. Rf3 Rae8 24. Rh2 Qe7 25. Rg2 d3 26. Nc3 Bd4 27. Nd1 Qc7 28. h4
Re7 29. Nf2 Re2 30. Nxe2 dxe2 31. Qxe2 Nxf4 32. Qf1 Nxg2 33. Qxg2 Bg7 34. Ng4
Re8 35. Re3 Qf4 36. Qd2 Qf1+ 37. Qd1 Qxd1+ 38. Kxd1 Bxg4+ 39. Kd2 Rxe3 40. Kxe3
b6 0-1

[Event "54smm A Richter/Lask-Brixen/Milland"]
[Site "?"]
[Date "2022.11.19"]
[Round "2.4"]
[White "Bevilacqua, Maurizio"]
[Black "Paulmichl, Martin"]
[Result "1/2-1/2"]
[WhiteElo "2084"]
[BlackElo "1868"]
[PlyCount "86"]
[EventDate "2022.11.19"]

1. c4 e6 2. Nf3 f5 3. g3 Nf6 4. Bg2 Be7 5. O-O O-O 6. d4 d6 7. Nc3 Ne4 8. Qd3
Nxc3 9. Qxc3 a5 10. Rd1 Bf6 11. Qc2 Nc6 12. a3 Qe8 13. d5 Ne7 14. dxe6 Bxe6 15.
Nd4 Bxd4 16. Rxd4 Nc6 17. Rh4 Qf7 18. b3 Rab8 19. Bb2 Ne5 20. e3 b5 21. cxb5
Bxb3 22. Qc3 Rxb5 23. Rf4 Rc5 24. Qd4 g5 25. Rxf5 Qxf5 26. f4 Qd3 27. fxe5 Qxd4
28. Bxd4 Rc2 29. Be4 Rcf2 30. exd6 cxd6 31. g4 d5 32. Bf5 R2xf5 33. gxf5 Rxf5
34. Rf1 Rxf1+ 35. Kxf1 Kf7 36. Kf2 a4 37. Kg3 h5 38. h4 Kg6 39. Bb6 Kf5 40. Bd8
g4 41. Bb6 Ke4 42. Bc5 Bc4 43. Bb6 Bd3 1/2-1/2

[Event "54smm A Richter/Lask-Brixen/Milland"]
[Site "?"]
[Date "2022.11.19"]
[Round "2.5"]
[White "Hellweg, Stefan"]
[Black "Billio, Atto"]
[Result "0-1"]
[WhiteElo "1772"]
[BlackElo "2021"]
[PlyCount "80"]
[EventDate "2022.11.19"]

1. e4 c5 2. Nf3 g6 3. d4 cxd4 4. Nxd4 Bg7 5. Be2 Nc6 6. c3 Nf6 7. Nxc6 bxc6 8.
Qc2 O-O 9. Be3 d5 10. exd5 Bf5 11. Bd3 Bxd3 12. Qxd3 cxd5 13. Nd2 Rb8 14. Rb1
Qa5 15. a3 Rfc8 16. O-O e5 17. f3 Rb7 18. Rfc1 Qa4 19. Bg5 Rd7 20. Qe2 h6 21.
Be3 Rdc7 22. Qd1 Qa6 23. Nf1 Qb7 24. Ng3 Kh7 25. Ne2 Bf8 26. Qd2 Bc5 27. Bxc5
Rxc5 28. Qe3 Qc7 29. Rf1 Rc4 30. Qd2 Rh4 31. Ng3 Rd8 32. Qf2 Rf4 33. Qe2 h5 34.
Rfe1 h4 35. Nf1 e4 36. Nd2 Re8 37. fxe4 Ng4 38. Nf3 Rfxe4 39. Qd2 Qb6+ 40. Nd4
Qxb2 0-1